|
|
|
|
| LEADER |
00000nab a2200000 a 4500 |
| 001 |
vtls001015878 |
| 003 |
SK-MaSNL |
| 005 |
20260303234059.0 |
| 008 |
040720e19990726xo 0 slo |
| 035 |
|
|
|a SN1830
|
| 040 |
|
|
|a SNSK
|b slo
|c SNSK
|e AACR2
|
| 041 |
0 |
|
|a slo
|
| 044 |
|
|
|a xo
|c SK
|
| 080 |
|
|
|a 627.51
|2 1981
|
| 100 |
0 |
|
|a (gr)
|4 aut
|9 721966
|
| 245 |
1 |
0 |
|a Voda v Kluknave narobila 40-miliónové škody
|
| 650 |
0 |
7 |
|a povodne
|2 SNSK
|9 15273
|
| 650 |
0 |
7 |
|a škody
|2 SNSK
|9 276699
|
| 650 |
0 |
7 |
|a informácie
|2 SNSK
|9 1285
|
| 651 |
|
7 |
|a Mníšek nad Hnilcom (Slovensko)
|2 SNSK
|9 31223
|
| 651 |
|
7 |
|a SN,
|2 SNSK
|9 1021277
|
| 655 |
|
7 |
|a periodikum
|2 snkbucl
|9 29553
|
| 700 |
0 |
0 |
|a (top)
|4 aut
|9 887920
|
| 773 |
0 |
8 |
|t Spišský kuriér
|g Roč. 8, č.30, 26.7.1999, s. 2
|
| 852 |
|
|
|a ZVYKNI
|b KIS3GCP
|
| 999 |
|
|
|c 2519012
|d 2520942
|